Better places for sport (Record no. 72771)

MARC details
000 -LEADER
fixed length control field 01186cam a2200217 4500
001 - CONTROL NUMBER
control field WB3920-12
008 - FIXED-LENGTH DATA ELEMENTS--GENERAL INFORMATION
fixed length control field 030528n2003 000 0 eng u
035 ## - SYSTEM CONTROL NUMBER
System control number (Sirsi) u122429
245 ## - TITLE STATEMENT
Title Better places for sport
260 ## - PUBLICATION, DISTRIBUTION, ETC.
Date of publication, distribution, etc. 2003
490 ## - SERIES STATEMENT
Series statement CABE Press Release
Volume/sequential designation 20 May 2003 (2)
520 ## - SUMMARY, ETC.
Summary, etc. CABE and Sport England have published jointly a new guidance document "Better places for sport" to assist those involved in the creation of sports facilities. The guidance covers the four main stages of facilities development: preparation, design, construction and usage. It sets out how design quality can be safeguarded through all the stages of the project from inception to on-going use and includes checklists for successful projects. The guidance is available at http://www.sportengland.org/press_releases/final-se.pdf. http://www.cabe.org.uk/V5p_5WFjyMv=QNRIp1D1BbQ/news/press/press_release.html?press_release_id=232
590 ## - LOCAL NOTE (RLIN)
Local note WB
650 ## - SUBJECT ADDED ENTRY--TOPICAL TERM
Topical term or geographic name entry element SPORTS FACILITIES
650 ## - SUBJECT ADDED ENTRY--TOPICAL TERM
Topical term or geographic name entry element BUILT ENVIRONMENT-CONSTRUCTION DESIGN
650 ## - SUBJECT ADDED ENTRY--TOPICAL TERM
Topical term or geographic name entry element BEST PRACTICE
650 ## - SUBJECT ADDED ENTRY--TOPICAL TERM
Topical term or geographic name entry element DESIGN QUALITY
650 ## - SUBJECT ADDED ENTRY--TOPICAL TERM
Topical term or geographic name entry element MANAGEMENT-PROJECT MANAGEMENT
690 ## - LOCAL SUBJECT ADDED ENTRY--TOPICAL TERM (OCLC, RLIN)
Topical term or geographic name as entry element LEISURE AND RECREATION
942 ## - ADDED ENTRY ELEMENTS (KOHA)
Suppress in OPAC 0
Holdings
Withdrawn status Lost status Source of classification or shelving scheme Damaged status Not for loan Home library Current library Shelving location Date acquired Total Checkouts Full call number Barcode Date last seen Copy number Price effective from Koha item type
    Dewey Decimal Classification     London London News article 28/05/2003   WB3920-12 122429-1001 06/08/2019 1 06/08/2019 News article